000 00656ntaaa2200217 4500
003 01
005 20251027203252.0
008 0714s1973 ag 01
020 _a1560630175
040 _aAR-BaBN
_bspa
_cAR-BaBN
_eaacr
_dRIC
082 _a253.2 Ov1
100 _aOvando, Jorge
_98
245 _a¿Serás tú el Líder qué Dios necesita? /
_cJorge Ovando
250 _a1ª ed.
260 _aMiami :
_bUnilit,
_c1990
300 _a111 p. ;
_c16 cm
490 _aGuía de Bolsillo
500 _aCualidades que deben acompañar a la persona que ha de ser usada por Dios para influenciar a otros positivamente
650 _aLIDERAZGO
_91127
942 _cBK
999 _c28139
_d28139